• 首页
  • 本馆介绍
  • 公告通知
  • 最新文献
  • 馆藏检索
  • 电子资源
  • 读者导购
  • 参考咨询
  • 我的图书馆
  • 登录
  • 详细信息显示
  • 放入我的书架
  • 预约/预借图书
  • 作者相关作品
  • 分类相关作品
  • 丛书相关作品
  • 出版社相关作品

书目信息

  • 表格格式
  • 工作单格式
  • 卡片格式
题名:
论马克思
    
 
作者: 恩格斯 著 ;中共中央马恩列斯著作编译局 译
分册:  
出版信息: 北京   人民教育出版社  1971.09
页数: 28页
开本: 19cm
丛书名:
单 册:
中图分类: A16
科图分类:
主题词: 马恩著作--专题汇编
电子资源:
ISBN:
000 00689nam0 2200205 450
001 0631838546
005 20060810085348.50
010    @dCNY0.08
100    @a20060810d1971 km y0chiy0120 ea
101 0  @achi
102    @aCN@b110000
200 1  @a论马克思@Alun ma ke si@f恩格斯著@Fen ge si zhu@g中共中央马恩列斯著作编译局译@Gzhong gong zhong yang ma en lie si zhu zuo bian yi ju yi
210    @a北京@c人民教育出版社@d1971.09
215    @a28页@d19cm
606 0  @a马恩著作@x专题汇编
690    @aA16@v3
701  0 @a恩格斯@Aen ge si@4著
712  0 @a中共中央马恩列斯著作编译局@Azhong gong zhong yang ma en lie si zhu zuo bian yi ju@4译
801  0 @aCN@bPFT@c20060810
905    @a10447@dA16@e45
    
    论马克思/恩格斯著/中共中央马恩列斯著作编译局译.-北京:人民教育出版社,1971.09
    28页;19cm
    
    
    ISBN :CNY0.08
    
●
相关链接 在E读中查询图书 在五车中查询图书 在当当中查询图书 在豆瓣中查询图书


正题名:论马克思     索取号:A16/45         预约/预借

序号 登录号 条形码 馆藏地/架位号 状态 备注
1 0453815   204538152   密集书库/ [索取号:A16/45] 在馆    
唐山师范学院图书馆 欢迎您!
大连网信软件有限公司© 版权所有